00326nam a22001577a 4500003000400000020001800004082001800022100002200040245001700062250000800079260001900087300000800106650001700114653001700131700002000148SGT a9788131264355 a612.015bB21S aSatyanarayan, U.  aBiochemistry a6th bElsevierc2021 a777 aBiochemistry aBiochemistry aChakrapani, U.